| 000 | 00982cam a2200337 a 4500 | ||
|---|---|---|---|
| 999 |
_c8893 _d8893 |
||
| 001 | 8893 | ||
| 003 | BD-JhCC | ||
| 005 | 20180305133613.0 | ||
| 008 | 000207s1984 cau b 00110 eng | ||
| 020 | _a0804712107 | ||
| 035 | _a(BD-JhCC)8893 | ||
| 040 |
_aANL _dANL _dBD-JhCC |
||
| 041 | _aeng | ||
| 050 | 0 | 0 |
_aK230.F842 _bS85 1984 |
| 082 | 0 | 0 |
_a340/.1 _219 _bSUM 1984 |
| 100 | 1 | _aSummers, Robert S. | |
| 245 | 1 | 0 |
_aLon L. Fuller / _cRobert S. Summers. |
| 260 |
_aStanford, Calif. : _bStanford University Press, _c1984. |
||
| 300 |
_axiii, 174 p. ; _c23 cm. |
||
| 490 | 1 | _aJurists : profiles in legal theory | |
| 500 | _a"Works by Lon L. Fuller": p. [x]-xiii. | ||
| 500 | _aIncludes index. | ||
| 600 | 1 | 0 |
_aFuller, Lon L., _d1902- |
| 600 | 1 | 0 |
_aFuller, Lon L., _d1902- _xBibliography. |
| 650 | 0 |
_aLaw _xPhilosophy. |
|
| 650 | 0 | _aNatural law. | |
| 650 | 0 | _aLegal positivism. | |
| 830 | 0 | _aJurists : profiles in legal theory. | |
| 942 |
_2ddc _cBK |
||